[Event "Titled Tue 17th Jun Late"]
[Site "chess.com INT"]
[Date "2025.06.17"]
[Round "4"]
[White "Hakobyan, Aram"]
[Black "Nedelcu, Teodor-Cosmin"]
[Result "1-0"]
[WhiteTitle "GM"]
[BlackTitle "FM"]
[WhiteElo "2620"]
[BlackElo "2281"]
[WhiteFideId "13306677"]
[BlackFideId "1246305"]
[EventDate "2025.06.17"]

1. d4 d5 2. c4 e6 3. Nc3 Nf6 4. cxd5 exd5 5. a3 c6 6. Bf4 Bd6 7. Bxd6 Qxd6 8. e3
Bf5 9. Qf3 Bg6 10. h4 h5 11. Nge2 Nbd7 12. Nf4 Ne4 13. Nxg6 Qxg6 14. Bd3 f5 15.
O-O O-O 16. Qf4 Qd6 17. Qxd6 Nxd6 18. Ne2 g6 19. Nf4 Kh7 20. Ne6 Rf6 21. Ng5+
Kg7 22. g3 Ne4 23. Nh3 Nb6 24. Rac1 Rc8 25. Kg2 Rf7 26. Nf4 Re7 27. Rfe1 Nf6 28.
Re2 Kf7 29. b3 Nbd7 30. Rec2 Nf8 31. Be2 Ne6 32. Nd3 Ne4 33. b4 Rec7 34. a4 a6
35. Rb1 Nd6 36. Nc5 Ne4 37. Bd3 Nf6 38. Nxb7 Rxb7 39. Bxa6 Nd8 40. Bxb7 Nxb7 41.
b5 Na5 42. bxc6 Nc4 43. Rb7+ Ke6 44. Rg7 Ng4 45. Ra2 Kf6 46. Rd7 Ke6 47. Rg7 Kf6
48. Ra7 Rxc6 49. a5 Ke6 50. a6 Ngxe3+ 51. fxe3 Nxe3+ 52. Kf3 Nd1 53. Re2+ Kf6
54. Ra8 Nc3 55. Re3 Nb5 56. a7 Kg7 57. Rg8+ Kxg8 58. a8=Q+ Kh7 59. Re7+ Kh6 60.
Qh8# 1-0

[Event "Titled Tue 17th Jun Late"]
[Site "chess.com INT"]
[Date "2025.06.17"]
[Round "4"]
[White "Leenhouts, Koen"]
[Black "Fiorito, Joaquin"]
[Result "1/2-1/2"]
[WhiteTitle "GM"]
[BlackTitle "IM"]
[WhiteElo "2476"]
[BlackElo "2419"]
[WhiteFideId "1008439"]
[BlackFideId "180173"]
[EventDate "2025.06.17"]

1. d4 Nf6 2. Bg5 d5 3. Bxf6 exf6 4. Nf3 c6 5. e3 Bd6 6. c4 dxc4 7. Bxc4 O-O 8.
O-O Nd7 9. h3 b5 10. Bd3 Bb7 11. Nbd2 a6 12. Rc1 Rc8 13. Ne4 Be7 14. Nc5 Nxc5
15. dxc5 Qd5 16. Qc2 g6 17. b4 a5 18. bxa5 Ra8 19. Rfd1 Qe6 20. Nd4 Qc8 21. a4
b4 22. Nb3 Ba6 23. Bxa6 Qxa6 24. Qd3 Rfb8 25. Qxa6 Rxa6 26. Rd7 Bd8 27. Rcd1
Bxa5 28. g4 Raa8 29. R1d6 Bd8 30. a5 Kf8 31. Rxc6 Ke8 32. Rd4 Bxa5 33. Rxf6 Bd8
34. Re4+ Kf8 35. Rd6 Ra3 36. Rd3 Bf6 37. c6 Rc8 38. Rxb4 Rxc6 39. Kg2 Kg7 40.
Rb7 Bc3 41. Rdd7 Rf6 42. Nc5 Ra2 43. Ne4 Be1 44. Nxf6 Rxf2+ 45. Kg1 Rxf6 46. Rd1
Bf2+ 47. Kg2 Bxe3 48. Rf1 Bf4 49. Rf3 g5 50. Rb5 h6 51. Rf5 Rd6 52. Rc5 Rd2+ 53.
Kf1 Rd6 54. Rc4 Rd1+ 55. Kg2 Rd2+ 56. Rf2 Rd6 57. Rf3 Rd2+ 58. Rf2 Rd3 59. Rf3
Rd2+ 1/2-1/2

[Event "Titled Tue 17th Jun Late"]
[Site "chess.com INT"]
[Date "2025.06.17"]
[Round "4"]
[White "Mizzi, Jack"]
[Black "Mayans Calvo, Mariano"]
[Result "1-0"]
[WhiteTitle "CM"]
[BlackTitle "CM"]
[WhiteElo "2107"]
[BlackElo "2101"]
[WhiteFideId "5602521"]
[BlackFideId "2251426"]
[EventDate "2025.06.17"]

1. d4 b6 2. e4 Bb7 3. Bd3 e6 4. Nf3 d5 5. Nbd2 c5 6. exd5 exd5 7. c4 Nf6 8. cxd5
Nxd5 9. O-O Be7 10. Bb5+ Nd7 11. Ne5 Nf6 12. dxc5 bxc5 13. Nxd7 Nxd7 14. Nc4 a6
15. Nd6+ Bxd6 16. Qxd6 Qe7 17. Bxd7+ Qxd7 18. Re1+ Kd8 19. Qb6+ Kc8 20. Qxc5+
Qc6 21. Qf5+ Kb8 22. Bf4+ Ka7 23. Be3+ Kb8 24. Qf4+ Qc7 25. Rac1 Qxf4 26. Bxf4+
Ka7 27. Be3+ Kb8 28. Bb6 Rc8 29. a4 Rxc1 30. Rxc1 a5 31. Bc7+ Ka7 32. Bxa5 Re8
33. Bc3 f6 34. b4 Re4 35. h3 Bd5 36. Bd2 Kb7 37. a5 Bc4 38. f3 Rd4 39. Be3 Rd3
40. Rxc4 Rxe3 41. Re4 Rb3 42. Kh2 g5 43. Re6 Rxb4 44. Rxf6 Rb5 45. a6+ Ka7 46.
Rh6 Rd5 47. Kg3 Rc5 48. Kg4 Rd5 49. g3 Rc5 50. Rxh7+ Kxa6 51. Rh6+ Kb5 52. Rh5
Kc4 53. Rxg5 Rc8 54. h4 Kd4 55. Rg7 Ke3 56. h5 Rc4+ 57. f4 Kf2 58. h6 Rc3 59.
Kf5 Rc5+ 60. Kg6 Rc6+ 61. Kh7 Kf3 62. Rg6 Rc7+ 63. Kg8 Rc8+ 64. Kg7 Rc7+ 65. Kf6
Rc6+ 66. Kf7 Rc7+ 67. Ke8 Rc8+ 68. Kd7 Rh8 69. f5 Ke4 70. g4 Ke5 71. f6 Rh7+ 72.
Kc6 Ke6 73. g5 1-0

[Event "Titled Tue 17th Jun Late"]
[Site "chess.com INT"]
[Date "2025.06.17"]
[Round "4"]
[White "Hungaski, Robert"]
[Black "Salem, A.R. Saleh"]
[Result "0-1"]
[WhiteTitle "GM"]
[BlackTitle "GM"]
[WhiteElo "2477"]
[BlackElo "2627"]
[WhiteFideId "2021030"]
[BlackFideId "9301348"]
[EventDate "2025.06.17"]

1. h3 c5 2. e3 d5 3. Nf3 Nc6 4. Bb5 a6 5. Bxc6+ bxc6 6. b3 f6 7. Nc3 e5 8. Ba3
Bd6 9. Na4 Qe7 10. O-O Nh6 11. c4 e4 12. Ne1 O-O 13. cxd5 cxd5 14. Rc1 Bd7 15.
Bxc5 Bb5 16. Bxd6 Qxd6 17. d3 f5 18. Nc3 Nf7 19. a4 Bc6 20. Ne2 Ne5 21. Nd4 Bd7
22. f4 Ng6 23. Rf2 h6 24. g3 Kh7 25. Rfc2 Rab8 26. Rc7 Rfe8 27. Qd2 Nf8 28. dxe4
fxe4 29. g4 Re7 30. Qc3 Rbe8 31. Qc5 Qf6 32. Ng2 Ne6 33. Nxe6 Bxe6 34. Rxe7 Rxe7
35. Qd6 Rb7 36. f5 Qb2 37. Rf1 Bf7 38. f6 Qxb3 39. Qf8 gxf6 40. Rxf6 Bg6 41. g5
hxg5 42. Rd6 Qd1+ 43. Kh2 Qf3 44. Rd8 Qxf8 45. Rxf8 Kg7 46. Ra8 Rb6 47. h4 gxh4
48. a5 Rc6 49. Nf4 Bh7 50. Ra7+ Kh6 51. Nxd5 Rc5 52. Rxa6+ Kg5 53. Nf4 Rc2+ 54.
Kh3 Bf5# 0-1

[Event "Titled Tue 17th Jun Late"]
[Site "chess.com INT"]
[Date "2025.06.17"]
[Round "4"]
[White "Labussiere, Victor"]
[Black "Ramirez Gonzalez, Mauricio"]
[Result "1/2-1/2"]
[WhiteTitle "FM"]
[BlackTitle "FM"]
[WhiteElo "2312"]
[BlackElo "2115"]
[WhiteFideId "2183129"]
[BlackFideId "3904326"]
[EventDate "2025.06.17"]

1. Nf3 f5 2. c4 Nf6 3. Nc3 e6 4. d4 Bb4 5. Bd2 b6 6. e3 O-O 7. Bd3 Bb7 8. O-O
Bxc3 9. Bxc3 Ne4 10. Ne1 d6 11. f3 Nxc3 12. bxc3 Nd7 13. Nc2 c5 14. Qd2 e5 15.
d5 Qe7 16. e4 f4 17. a4 a5 18. g4 h5 19. gxh5 Qh4 20. Qf2 Qxh5 21. Qg2 Rf6 22.
Kh1 Rg6 23. Qf2 Kf7 24. Rg1 Rh6 25. Rg2 Rah8 26. Rb1 g5 27. Na3 Ba6 28. Kg1 Ke7
29. Kf1 Rg6 30. Ke2 g4 31. Rbg1 Nf6 32. Kd2 Rhg8 33. fxg4 Rxg4 34. Rxg4 Nxg4 35.
Qe2 f3 36. Qxf3 Qh6+ 37. Ke2 Qxh2+ 38. Rg2 Qh4 39. Nc2 Bc8 40. Ne3 Rf8 41. Nf5+
Bxf5 42. exf5 Nf6 43. Qf2 Qxf2+ 44. Kxf2 Rg8 45. Rxg8 Nxg8 46. Kf3 Kf6 47. Bc2
Nh6 48. Bd3 Nxf5 49. Kg4 Ne3+ 50. Kf3 Nd1 51. Ke2 Nxc3+ 52. Kd2 Na2 53. Bb1 Nb4
54. Ke3 Kg5 55. Kf3 Na6 56. Ke3 Nc7 57. Kf3 Ne8 58. Be4 Nf6 59. Bc2 e4+ 60. Bxe4
Nxe4 61. Kxe4 Kg4 62. Ke3 Kg3 63. Ke4 Kg4 64. Ke3 Kg5 65. Ke4 Kg4 1/2-1/2

[Event "Titled Tue 17th Jun Late"]
[Site "chess.com INT"]
[Date "2025.06.17"]
[Round "4"]
[White "Nakara Husain"]
[Black "Aliyev, Elnur"]
[Result "0-1"]
[BlackTitle "CM"]
[WhiteElo "1713"]
[BlackElo "2123"]
[WhiteFideId "25636111"]
[BlackFideId "13402617"]
[EventDate "2025.06.17"]

1. e4 c5 2. c3 d5 3. exd5 Qxd5 4. d4 Nf6 5. Nf3 e6 6. Be2 Be7 7. O-O cxd4 8.
cxd4 O-O 9. Nc3 Qd6 10. Nb5 Qd8 11. Bg5 b6 12. Rc1 Nd5 13. Bxe7 Qxe7 14. Ne5 Bb7
15. Bf3 a6 16. Nc3 Nf6 17. Qb3 Bxf3 18. Nxf3 Nbd7 19. Rfe1 Qd6 20. Rcd1 Rfe8 21.
Ne5 b5 22. a4 bxa4 23. Qxa4 Nb6 24. Qa2 Nbd5 25. Na4 Nf4 26. Nc5 a5 27. g3 Qd5
28. Qxd5 N4xd5 29. Nc4 Reb8 30. Ra1 Rb4 31. b3 a4 32. Nxa4 Rxb3 33. Nc5 Rxa1 34.
Rxa1 Rb8 35. Ne5 h5 36. Ra7 Rb1+ 37. Kg2 Rb2 38. Nxf7 Ng4 39. Ne4 Ndf6 40. Nfg5
Rb8 41. Nxf6+ gxf6 42. Nxe6 Rb2 43. Rg7+ Kh8 44. Rf7 Rxf2+ 45. Kg1 Kg8 46. Rg7+
Kh8 47. Rxg4 Re2 48. Rh4 Rxe6 49. Rxh5+ Kg7 50. Rd5 Kg6 51. Kg2 Re2+ 52. Kh3 Rb2
53. Ra5 Rd2 54. d5 f5 55. g4 f4 56. Kh4 Rxh2# 0-1

[Event "Titled Tue 17th Jun Late"]
[Site "chess.com INT"]
[Date "2025.06.17"]
[Round "4"]
[White "Makaraci, Tunahan"]
[Black "Mesquita, Eduardo Barbosa"]
[Result "0-1"]
[WhiteTitle "FM"]
[WhiteElo "2233"]
[BlackElo "2014"]
[WhiteFideId "6356559"]
[BlackFideId "22757163"]
[EventDate "2025.06.17"]

1. e4 c5 2. Nf3 d6 3. c3 Nf6 4. Be2 Nc6 5. d4 cxd4 6. cxd4 Nxe4 7. d5 Qa5+ 8.
Nc3 Nxc3 9. bxc3 Ne5 10. Nxe5 dxe5 11. O-O g6 12. Bd2 Bg7 13. c4 Qc7 14. Bb4 O-O
15. d6 exd6 16. Bxd6 Qd8 17. Bxf8 Qxf8 18. Qb3 Qc5 19. Rad1 Qc7 20. Bf3 Rb8 21.
Rd2 Be6 22. Bd5 Bf5 23. Rfd1 Bf6 24. Bf3 h5 25. h3 e4 26. Be2 Kg7 27. c5 Qxc5
28. Bc4 e3 29. fxe3 Re8 30. Kh1 Rxe3 31. Qb5 Qc7 32. Re2 Rc3 33. Bb3 Bxh3 34.
gxh3 Rxh3+ 35. Kg1 Qg3+ 36. Rg2 Qe3+ 37. Rf2 Bh4 38. Qe2 Bxf2+ 39. Qxf2 Rg3+ 40.
Kf1 Rf3 41. Rd2 Rxf2+ 42. Rxf2 f5 43. Rc2 f4 44. Re2 Qc1+ 45. Kf2 g5 46. Re7+
Kf6 47. Re6+ Kf5 48. Re8 Qd2+ 49. Kf1 Qc1+ 50. Kf2 Qb2+ 51. Kf1 Qa1+ 52. Kf2 g4
53. Bc2+ Kg5 54. Kg2 Qb2 55. Rc8 Kh4 56. Kg1 Kg3 57. Bd1 Qf2+ 58. Kh1 Qh2# 0-1

[Event "Titled Tue 17th Jun Late"]
[Site "chess.com INT"]
[Date "2025.06.17"]
[Round "4"]
[White "Bryakin, Mikhail"]
[Black "Antoniou, Rafail"]
[Result "1-0"]
[WhiteTitle "GM"]
[BlackTitle "CM"]
[WhiteElo "2462"]
[BlackElo "2134"]
[WhiteFideId "4165314"]
[BlackFideId "5904390"]
[EventDate "2025.06.17"]

1. e4 c5 2. Nf3 e6 3. d4 cxd4 4. Nxd4 Nf6 5. Nc3 Nc6 6. Nxc6 bxc6 7. e5 Nd5 8.
Ne4 Qc7 9. f4 Qb6 10. c4 Ne3 11. Qd3 Bb4+ 12. Ke2 Nxc4 13. Kf3 Ba6 14. Qc2 Qd4
15. Bxc4 Qxc4 16. Qxc4 Bxc4 17. Bd2 Rb8 18. Bxb4 Rxb4 19. Nd6+ Ke7 20. b3 Bd5+
21. Kg3 g5 22. fxg5 h6 23. h4 hxg5 24. h5 f6 25. Raf1 fxe5 26. Nf7 Rf8 27. h6
Rh4 28. h7 Rxh1 29. Rxh1 Kxf7 30. Rf1+ Kg7 31. Rxf8 Kxh7 32. Rf7+ Kg6 33. Rxd7
e4 34. Rxa7 Kf5 35. Rd7 Ke5 36. Kf2 Kd4 37. Ke1 e3 38. Rg7 Kc3 39. Rxg5 Kb2 40.
g4 Kxa2 41. Re5 Kxb3 42. g5 Kc3 43. g6 Kd4 44. g7 Kxe5 45. g8=Q Bc4 46. Qg7+ Ke4
47. Qc3 Bd3 48. Qxc6+ Kd4 49. Qxe6 Bc4 50. Qd6+ Kc3 51. Qe5+ Kd3 52. Qf5+ Kc3
53. Qb1 Kd4 54. Qb2+ Kd3 55. Kd1 Ke4 56. Qc3 Bd3 57. Qf6 Bc4 58. Kc2 e2 59. Kd2
Kd5 60. Qf4 Bb5 61. Qe3 Kc6 62. Qe5 Bc4 63. Kc3 Ba6 64. Kb4 Bd3 65. Qe6+ Kc7 66.
Kc5 Kb7 67. Qe7+ Kb8 68. Kb6 e1=Q 69. Qc7+ 1-0

[Event "Titled Tue 17th Jun Late"]
[Site "chess.com INT"]
[Date "2025.06.17"]
[Round "4"]
[White "Becking, Stephan"]
[Black "Beyer, Lorenz"]
[Result "1/2-1/2"]
[WhiteTitle "IM"]
[BlackTitle "CM"]
[WhiteElo "2410"]
[BlackElo "2226"]
[WhiteFideId "4632478"]
[BlackFideId "16245393"]
[EventDate "2025.06.17"]

1. d4 Nf6 2. c3 d5 3. Nf3 g6 4. Bg5 Bg7 5. Nbd2 O-O 6. e3 b6 7. Bd3 Bb7 8. Qe2
c5 9. O-O Nbd7 10. Rfe1 h6 11. Bh4 Ne4 12. Bg3 Nxg3 13. hxg3 e5 14. dxe5 Nxe5
15. Nxe5 Bxe5 16. Nf3 Bg7 17. Ba6 Bc6 18. Rad1 Qe7 19. Qc2 Rad8 20. Bd3 Rd6 21.
Rd2 Rfd8 22. Red1 Bb7 23. Bf1 Qf6 24. a4 h5 25. a5 Bh6 26. axb6 axb6 27. b4 d4
28. bxc5 bxc5 29. cxd4 Bxf3 30. gxf3 cxd4 31. Rxd4 Rxd4 32. Rxd4 Rxd4 33. exd4
Qxd4 34. Kg2 Bf8 35. Bc4 Kg7 36. Bb3 Bc5 37. Ba2 h4 38. gxh4 Be7 39. h5 gxh5 40.
Qf5 Bh4 41. Qxf7+ Kh6 42. Qe6+ Kg7 43. Qe2 Kf6 44. Bb1 Qe5 45. Qa6+ Qe6 46. Qd3
Qg8+ 47. Kh3 Bxf2 48. Qf5+ Ke7 49. Qh7+ Qxh7 50. Bxh7 Kf6 51. Be4 Ke5 52. Kg2
Be1 53. Kh1 Kf4 54. Ba8 Kg3 55. Bb7 Bf2 56. Ba8 h4 57. Bb7 h3 58. Ba8 h2 59. Bb7
Be3 60. Ba8 Bf4 61. Bb7 Kf2 62. Ba8 Kf1 63. Bb7 Ke2 64. Ba8 Kd3 65. Bb7 Kc4 66.
Ba8 Kc5 67. Be4 Kb6 68. Kg2 Kc5 69. Kh1 Kd4 70. Kg2 Ke5 71. Kh1 Kf6 72. Kg2 Kg5
73. Kh1 Kh4 74. Kg2 Kg5 75. Kh1 Kh5 76. Kg2 Kh4 77. Kh1 Kh3 78. Bf5+ Kg3 79. Be4
Kf2 80. Bd5 Ke3 81. Bc6 Kd4 82. Bb7 Kc5 83. Ba8 Kc4 84. Be4 1/2-1/2

[Event "Titled Tue 17th Jun Late"]
[Site "chess.com INT"]
[Date "2025.06.17"]
[Round "4"]
[White "Risteski, Emil"]
[Black "Caprio, Guido"]
[Result "0-1"]
[WhiteTitle "IM"]
[BlackTitle "IM"]
[WhiteElo "2374"]
[BlackElo "2435"]
[WhiteFideId "15005267"]
[BlackFideId "834580"]
[EventDate "2025.06.17"]

1. Nc3 d5 2. e4 dxe4 3. Nxe4 Nf6 4. Nxf6+ exf6 5. d4 Bd6 6. Bd3 O-O 7. Ne2 Re8
8. c3 c5 9. O-O Nc6 10. Be3 cxd4 11. cxd4 Bg4 12. a3 Ne7 13. h3 Bh5 14. Qb1 Bg6
15. Nc3 f5 16. d5 f4 17. Bd4 f3 18. g3 Qd7 19. Kh2 Nf5 20. Rd1 h5 21. Nb5 Nxg3
22. Nxd6 Qxd6 23. fxg3 Bxd3 24. Qxd3 Re2+ 25. Qxe2 fxe2 26. Rg1 Re8 27. Rae1
Qxd5 28. Bc3 Qf3 29. h4 Qf2+ 30. Rg2 Qf3 31. Bd4 Re4 32. Rf2 Qd3 33. Bc3 Rg4 34.
Rg2 Re4 35. Rf2 f6 36. Rg2 Kh7 37. Rf2 Re3 38. Rg2 b5 39. Bb4 Qc4 40. Bc3 Re4
41. Kg1 Qd3 42. Kh2 g5 43. Bxf6 gxh4 44. gxh4 Rg4 45. Rxg4 hxg4 46. Bc3 Qf3 47.
Rg1 Qf2+ 48. Kh1 Qxh4+ 49. Kg2 Qh3+ 50. Kf2 Qh2+ 51. Rg2 Qf4+ 52. Kxe2 Qf3+ 0-1

[Event "Titled Tue 17th Jun Late"]
[Site "chess.com INT"]
[Date "2025.06.17"]
[Round "4"]
[White "Bazan Romero, Octavio Aaron"]
[Black "Hariharan, Shambavi"]
[Result "1-0"]
[WhiteTitle "FM"]
[BlackTitle "WCM"]
[WhiteElo "2289"]
[BlackElo "1936"]
[WhiteFideId "20003943"]
[BlackFideId "488160"]
[EventDate "2025.06.17"]

1. d4 d5 2. Bf4 Nf6 3. e3 e6 4. Nf3 c5 5. c3 Nc6 6. h3 Bd6 7. Bb5 Bxf4 8. exf4
cxd4 9. Qxd4 Qa5 10. Bxc6+ bxc6 11. O-O c5 12. Qe3 O-O 13. Nbd2 Qb6 14. b3 Bb7
15. Ne5 Rfd8 16. Ndf3 d4 17. cxd4 cxd4 18. Qd3 Ba6 19. Nc4 Qc5 20. Rac1 Rac8 21.
Rfd1 Qc7 22. Nfe5 h6 23. Rd2 Bb7 24. Re1 Nh5 25. g3 f6 26. Ng6 Re8 27. g4 Nxf4
28. Nxf4 Qxf4 29. Qxd4 Qf3 30. Kf1 Qg2+ 31. Ke2 Bf3+ 32. Ke3 Bd5 33. Qf4 Qxh3+
34. Qg3 Qxg3+ 35. fxg3 Bxc4 36. bxc4 Rxc4 37. Kf3 Rc3+ 38. Kg2 e5 39. Rd7 Rec8
40. Rxa7 Rc2+ 41. Kh3 Rb2 42. g5 hxg5 43. Rd1 Rcc2 44. Rdd7 Rh2+ 45. Kg4 Rxa2
46. Rxg7+ Kf8 47. Raf7+ Ke8 48. Kf5 Raf2+ 49. Kg6 Rh8 50. Ra7 Rd2 51. Rae7+ Kd8
52. Ra7 Ke8 53. Rge7+ Kf8 54. Rf7+ Ke8 55. Ra8+ Rd8 56. Raa7 Rd2 57. Kf5 Rf2+
58. Ke6 Rd2 59. Rfe7+ Kd8 60. Ra8# 1-0

[Event "Titled Tue 17th Jun Late"]
[Site "chess.com INT"]
[Date "2025.06.17"]
[Round "4"]
[White "Yatskar, Martin"]
[Black "Fedunov, Danil"]
[Result "0-1"]
[WhiteTitle "CM"]
[WhiteElo "2225"]
[BlackElo "1917"]
[WhiteFideId "34109676"]
[BlackFideId "2006413"]
[EventDate "2025.06.17"]

1. d4 d5 2. c4 e6 3. Nc3 Nf6 4. cxd5 exd5 5. Bg5 Be7 6. e3 O-O 7. Bd3 Nbd7 8.
Qc2 Re8 9. Nge2 c5 10. O-O c4 11. Bf5 Nb6 12. Rad1 h6 13. Bh4 Bxf5 14. Qxf5 Qd7
15. Qxd7 Nfxd7 16. Bxe7 Rxe7 17. Nf4 Nf6 18. Rfe1 g5 19. Nfe2 a6 20. a4 Nc8 21.
a5 Nd6 22. Nc1 Nb5 23. N1a2 Rd8 24. Nb4 Ne8 25. Nxb5 axb5 26. Ra1 Nc7 27. Ra3
Na6 28. Nc2 b4 29. Ra4 b3 30. Nb4 f5 31. Nxa6 bxa6 32. Rb4 Rd6 33. Kf1 Kf7 34.
Ke2 Rdd7 35. Rb6 Re6 36. Rb4 Ree7 37. Rb6 Re6 38. Rb4 Ke7 39. Kd2 Kd8 40. Kc3
Kc7 41. f3 Rde7 42. Kd2 f4 43. e4 Re8 44. Kc3 Rb8 45. Rxb8 Kxb8 46. Kb4 Kc7 47.
Kc5 dxe4 48. Kxc4 exf3 49. Rg1 Re2 50. gxf3 Rxb2 51. d5 Kd6 52. Re1 Rxh2 53.
Re6+ Kd7 54. Rxa6 b2 55. Rb6 g4 56. a6 gxf3 57. a7 b1=Q 58. Rxb1 Ra2 59. Rb7+
Kd6 60. Rf7 f2 61. Rxf4 Ra4+ 62. Kb5 Rxf4 63. a8=Q f1=Q+ 64. Kb6 Rb4+ 65. Ka5
Qa1+ 66. Kxb4 Qxa8 67. Kc3 Qxd5 68. Kb4 h5 0-1

[Event "Titled Tue 17th Jun Late"]
[Site "chess.com INT"]
[Date "2025.06.17"]
[Round "4"]
[White "Toroptseva, Yevheniia"]
[Black "Lezcano, Gustavo"]
[Result "0-1"]
[WhiteTitle "WFM"]
[WhiteElo "2104"]
[BlackElo "2007"]
[WhiteFideId "34109374"]
[BlackFideId "103306"]
[EventDate "2025.06.17"]

1. Nc3 d5 2. e4 e6 3. d3 Nf6 4. Bg5 Be7 5. g3 dxe4 6. dxe4 Qxd1+ 7. Rxd1 c6 8.
Bg2 e5 9. Nge2 O-O 10. O-O b5 11. a3 h6 12. Be3 Nbd7 13. f4 Ng4 14. Bc1 Bc5+ 15.
Kh1 Nf2+ 16. Rxf2 Bxf2 17. fxe5 Re8 18. Bf4 Nxe5 19. Bxe5 Rxe5 20. Rd8+ Kh7 21.
Nf4 Re7 22. e5 Bb7 23. Rxa8 Bxa8 24. Nd3 Bd4 25. Nxb5 cxb5 26. Bxa8 Bxe5 27. Kg2
Bf6 28. Kf3 g6 29. Be4 Kg7 30. c3 Rc7 31. Nb4 a5 32. Nd5 Rd7 33. Nxf6 Kxf6 34.
Bc6 Rd2 35. Bxb5 Rxb2 36. a4 Rxh2 37. c4 Ke5 38. Be8 Ke6 39. Bb5 f5 40. Ke3 Rg2
41. Kf3 Rc2 42. Ke3 g5 43. Kf3 Ke5 44. Ke3 h5 45. Kf3 Rc3+ 46. Kf2 f4 47. gxf4+
Kxf4 48. Kg2 h4 49. Kh2 g4 50. Kg2 Rc2+ 51. Kf1 h3 52. Kg1 g3 53. Kh1 Rc1# 0-1

[Event "Titled Tue 17th Jun Late"]
[Site "chess.com INT"]
[Date "2025.06.17"]
[Round "4"]
[White "Pakleza, Zbigniew"]
[Black "Esipenko, Andrey"]
[Result "0-1"]
[WhiteTitle "GM"]
[BlackTitle "GM"]
[WhiteElo "2484"]
[BlackElo "2689"]
[WhiteFideId "1119290"]
[BlackFideId "24175439"]
[EventDate "2025.06.17"]

1. d4 d5 2. Nf3 Nf6 3. Bf4 e6 4. e3 Bd6 5. Bg3 O-O 6. Nbd2 c5 7. Be2 b6 8. O-O
Nc6 9. dxc5 bxc5 10. c4 Bxg3 11. hxg3 d4 12. exd4 cxd4 13. Bd3 Rb8 14. b3 h6 15.
Re1 Bb7 16. Ne4 Nd7 17. a3 a5 18. Nd6 Nc5 19. Nb5 Qf6 20. Rb1 Rfd8 21. b4 axb4
22. axb4 Nxd3 23. Qxd3 Qe7 24. Qd2 Ba6 25. Nbxd4 Nxd4 26. Nxd4 Bxc4 27. Qc3 Rdc8
28. Rec1 e5 29. Nf3 f6 30. Nh4 Qe6 31. Qe3 Ba2 32. Rxc8+ Qxc8 33. Rb2 Be6 34. f3
Qc4 35. Qd2 Kh7 36. g4 h5 37. Kh2 hxg4 38. fxg4 Qxg4 39. Qf2 Rxb4 40. Rxb4 Qxb4
41. Nf3 Qf4+ 42. Qg3 Qxg3+ 43. Kxg3 Bd5 44. Nd2 Kg6 45. Kf2 Kf5 46. Nf1 Bb7 47.
Ng3+ Kg4 48. Nf1 f5 49. Ne3+ Kg5 50. g3 Kf6 51. Nc4 g5 52. Nd6 Bc6 53. Nc4 f4
54. Nd6 Ke6 55. Nc4 Bd5 56. Nb2 Kf5 57. Nd1 e4 58. gxf4 gxf4 59. Nc3 e3+ 60. Ke2
Bc6 61. Kd3 Ke5 62. Nb1 Be4+ 0-1

[Event "Titled Tue 17th Jun Late"]
[Site "chess.com INT"]
[Date "2025.06.17"]
[Round "4"]
[White "Demchenko, Anton"]
[Black "Makridis, Dimitrios"]
[Result "1-0"]
[WhiteTitle "GM"]
[BlackTitle "FM"]
[WhiteElo "2619"]
[BlackElo "2283"]
[WhiteFideId "4160258"]
[BlackFideId "25864475"]
[EventDate "2025.06.17"]

1. e4 c5 2. Nf3 d6 3. d4 cxd4 4. Nxd4 Nf6 5. Nc3 a6 6. Bd3 e6 7. f4 Be7 8. Qf3
Qc7 9. g4 b5 10. g5 Nfd7 11. a3 Bb7 12. f5 Ne5 13. Qh3 Nxd3+ 14. cxd3 e5 15.
Nde2 Nd7 16. Be3 Nc5 17. Rd1 Qd7 18. Qf3 O-O-O 19. b4 Na4 20. Nd5 Kb8 21. f6
gxf6 22. gxf6 Bf8 23. O-O Bxd5 24. exd5 h5 25. Ng3 h4 26. Ne4 Bh6 27. Bf2 Bf4
28. Kh1 Rc8 29. Bg1 Rc2 30. Rf2 Rhc8 31. Rdf1 Nb2 32. d4 Rxf2 33. Qxf2 Nc4 34.
dxe5 Bxe5 35. Ng5 Qb7 36. Qg2 Rg8 37. Rf5 h3 38. Qxh3 Qxd5+ 39. Qf3 Qd2 40. h4
Rh8 41. Qf2 Qxf2 42. Bxf2 Nd2 43. Nxf7 Rf8 44. Nxe5 dxe5 45. Bg3 Ne4 46. Bxe5+
Kc8 47. Kg2 Kd7 48. Kf3 Nd2+ 49. Kf4 Ke6 50. h5 Nc4 51. Bd4 Kf7 52. Rg5 Ke6 53.
Rg7 Nd6 54. Re7+ Kd5 55. Be5 Nc4 56. h6 Nb2 57. h7 Nd3+ 58. Kf5 Nxe5 59. Rxe5+
Kd6 60. Re7 Rg8 61. hxg8=Q 1-0

[Event "Titled Tue 17th Jun Late"]
[Site "chess.com INT"]
[Date "2025.06.17"]
[Round "4"]
[White "Sadykov, Ramil"]
[Black "Deac, Bogdan-Daniel"]
[Result "0-1"]
[WhiteTitle "FM"]
[BlackTitle "GM"]
[WhiteElo "2264"]
[BlackElo "2674"]
[WhiteFideId "24113590"]
[BlackFideId "1226380"]
[EventDate "2025.06.17"]

1. e4 e5 2. Nf3 Nc6 3. Bc4 Nf6 4. d3 Be7 5. O-O O-O 6. Re1 d6 7. c3 Na5 8. Bb5
a6 9. Ba4 b5 10. Bc2 c5 11. h3 h6 12. d4 Qc7 13. a4 Bd7 14. d5 c4 15. Be3 Nb7
16. Nbd2 Nc5 17. Bxc5 Qxc5 18. Nf1 Rfb8 19. Qd2 Bd8 20. Ng3 b4 21. Nh4 bxc3 22.
bxc3 Rb2 23. Nhf5 Rab8 24. Kh2 Nh7 25. h4 Bf6 26. Rf1 g6 27. Nxh6+ Kg7 28. f4
exf4 29. Rxf4 Rxc2 30. Qxc2 Kxh6 31. Raf1 Kg7 32. Qd2 Rf8 33. Rxf6 Nxf6 34. Qg5
Ng8 35. Nf5+ Bxf5 36. Rxf5 Qc7 37. h5 Qd8 38. Qg3 Qe7 39. Rg5 Nf6 40. e5 Nxh5
41. Rxh5 dxe5 42. Rxe5 Qf6 43. Re4 Rh8+ 44. Kg1 Qf5 45. Rf4 Qb1+ 46. Rf1 Rh1+
47. Kxh1 Qxf1+ 48. Kh2 Qf5 49. Qe3 Qxd5 50. Qf4 Qe6 51. Qd4+ Kh7 52. Kh1 g5 53.
a5 Kg6 54. Qb6 Kf5 55. Qc5+ Kg6 56. Qb6 Kf5 57. Qc5+ Kf4 58. Qd4+ Kg3 59. Qd2
Qh6+ 60. Kg1 Qh2+ 61. Kf1 Qh1+ 0-1

[Event "Titled Tue 17th Jun Late"]
[Site "chess.com INT"]
[Date "2025.06.17"]
[Round "4"]
[White "Aslanov, Umid"]
[Black "Yanev, Tihomir"]
[Result "1/2-1/2"]
[WhiteTitle "FM"]
[BlackTitle "IM"]
[WhiteElo "2298"]
[BlackElo "2354"]
[WhiteFideId "13412620"]
[BlackFideId "2910110"]
[EventDate "2025.06.17"]

1. e4 e5 2. Nf3 Nc6 3. Bb5 a6 4. Bxc6 dxc6 5. Nc3 f6 6. d4 exd4 7. Qxd4 Qxd4 8.
Nxd4 Bd7 9. Be3 O-O-O 10. f3 Bb4 11. Ne2 Ne7 12. Kf2 Ng6 13. Rad1 Ne5 14. a3 Bd6
15. Na4 Nc4 16. Bc5 b5 17. Bxd6 cxd6 18. Nac3 Kc7 19. Rb1 f5 20. Rhd1 Rhe8 21.
Nd4 fxe4 22. Nxe4 c5 23. Ne2 Bc6 24. N2c3 Re5 25. Rd3 Kb6 26. Nd2 Nxd2 27. Rxd2
d5 28. Rbd1 d4 29. Ne2 a5 30. c3 Rh5 31. cxd4 c4 32. h3 b4 33. axb4 axb4 34. Nf4
Ra5 35. d5 Bd7 36. Rd4 Rc8 37. Re1 Ra2 38. Rd2 c3 39. Rde2 Rxb2 40. Rxb2 cxb2
41. Rb1 Rc2+ 42. Ke3 Bf5 43. Nd3 Rc3 44. Rxb2 Rxd3+ 45. Kf4 Bg6 46. Rxb4+ Kc5
47. Rb7 Rxd5 48. Rxg7 Rd2 49. g4 Kd6 50. h4 Ke6 51. h5 Kf6 52. Ra7 Bc2 53. Ra6+
Kg7 54. Ra7+ Kf6 55. Ra6+ Ke7 56. Ra2 Rd4+ 57. Kg5 Rc4 58. f4 Rc6 59. f5 h6+ 60.
Kf4 Kf6 61. Ra7 Rc4+ 62. Kg3 Rc3+ 63. Kf4 Rc4+ 64. Kg3 Rc3+ 65. Kf4 Rc4+ 1/2-1/2